| 000 | 00867 a2200253 4500 | ||
|---|---|---|---|
| 999 |
_c330621 _d330621 |
||
| 001 | 46585 | ||
| 003 | NUST | ||
| 005 | 20170726111559.0 | ||
| 008 | 170607b xxu||||| |||| 00| 0 eng d | ||
| 020 | _a9789694963105 | ||
| 040 | _cNUST | ||
| 082 |
_a891.4391 _bNIA |
||
| 100 |
_aNiazi, Munir _92112 |
||
| 245 |
_aJungle mein dhanak / _cby Munir Niazi |
||
| 260 |
_aLahore _bDost publications, _c2008 |
||
| 300 | _a136 p. | ||
| 546 | _aIn Urdu | ||
| 651 |
_aUrdu Literature- Poems _92113 |
||
| 880 |
_aجنگل میں دھنک _6245-02\(3\r _cمنیر نیازی |
||
| 880 |
_aمنیر نیازی _6100-01\(3\r |
||
| 880 |
_aاسلام آباد: _6260-03\(3\r _bدوست پبلی کیشنز، _c2008. |
||
| 942 |
_cBK _cBK _2ddc |
||